000 008700000a22002770004500
001 45464
021 _aPT
_b364/01
100 _a20051124d2001 k y0pory5003 ba
101 0 _ceng
_jpor
102 _aPT
200 1 _aChocolate
_frealização de Lasse Hallström
_bRegisto vídeo
210 _aLisboa
_cLNK Home Entertainment
_d2001
215 _a1 disco (DVD) (ca 122 min.)
_ccol., son
323 _aActores: Juliete Binoche, Judi Dench, Alfred Molina, Lena Olin e Johnny Depp
333 _aMaiores de 12 anos
606 _aLiteratura estrangeira
606 _aConto
606 _aCinema
675 _a85
_zpor
675 _a791
_zpor
675 _a791.43-2
_vBN
_zpor
700 1 _aHallström
_bLasse
090 _a45464
942 _cMUL
_n0
999 _a45464